Les trios avec le plus grand nombre de buts cette saison 2024/25. - Statistiques

Statistiques générales
  • Ce quiz a été pris 93 fois
  • Le résultat moyen est 29 sur 40
Statistiques - réponses
Championnats/
Nationalités
Clubs/
joueurs
Buts du trio/
buts individuels
% Correct
Pologne Robert Lewandowski 33
98%
Egypte Mohamed Salah 30
96%
Espagne Lamine Yamal 11
95%
Angleterre Harry Kane 29
94%
France Bradley Barcola 16
93%
France Ousmane Dembélé 25
93%
France Kylian Mbappé 27
92%
Brésil Vinicius Junior 17
90%
Norvège Erling Haaland 28
88%
Portugal Gonçalo Ramos 12
88%
Colombie Luis Diaz 13
88%
Brésil Raphinha 24
88%
Brésil Rodrygo 12
88%
Allemagne Jamal Musiala 16
86%
France Antoine Griezmann 16
83%
Pays-bas Cody Gakpo 16
81%
Angleterre Phil Foden 10
81%
France Michael Olise 12
80%
Belgique Jérémy Doku 6
79%
Argentine Julian Alvarez 20
79%
Nigeria Ademola Lookman 17
77%
Allemagne Florian Wirtz 15
74%
Norvège Alexander Sorloth 13
71%
Egypte Omar Marmoush 20
70%
France Hugo Ekitiké 17
68%
Liga FC Barcelone 68
64%
Ligue 1 Paris Saint-Germain 53
61%
Tchéquie Patrik Schick 21
61%
Premier League Liverpool 59
60%
Nigeria Victor Boniface 10
60%
Bundesliga Bayer Leverkusen 46
58%
Premier League Manchester City 44
58%
Liga Real Madrid 56
58%
Bundesliga Bayern Munich 57
57%
Italie Mateo Retegui 24
56%
Serie A Atalanta Bergame 52
54%
Liga Atlético Madrid 49
54%
Bundesliga Eintracht Francfort 42
51%
Belgique Charles De Ketelaere 11
44%
Suède Hugo Larsson 5
17%
Aucun quiz correspondant
Distribution des résultats
% des personnes avec chaque résultat
Percentile par nombre de réponses
Votre historique - résultats
Vous n’avez pas pris ce quiz